Janajatiya mulor asamiya aupanyashikar upanyas : (Record no. 10140)
[ view plain ]
| 000 -LEADER | |
|---|---|
| fixed length control field | 00666cam a2200217ua 4500 |
| 001 - CONTROL NUMBER | |
| control field | 11298 |
| 005 - DATE AND TIME OF LATEST TRANSACTION | |
| control field | 20260515114732.0 |
| 008 - FIXED-LENGTH DATA ELEMENTS--GENERAL INFORMATION | |
| fixed length control field | 191012n ii |||gr||||Z||||||asm |
| 020 ## - INTERNATIONAL STANDARD BOOK NUMBER | |
| International Standard Book Number | 9789382056539 |
| 040 ## - CATALOGING SOURCE | |
| Transcribing agency | MAIN |
| 082 ## - DEWEY DECIMAL CLASSIFICATION NUMBER | |
| Classification number | 891.4513 |
| 100 ## - MAIN ENTRY--PERSONAL NAME | |
| Personal name | Prafulla Gogoi ., |
| Relator term | Editor-in- chief. |
| 245 ## - TITLE STATEMENT | |
| Title | Janajatiya mulor asamiya aupanyashikar upanyas : |
| Remainder of title | bichar aru bishlekhan / |
| Statement of responsibility, etc. | Edited by Prafulla Gogoi . |
| 250 ## - EDITION STATEMENT | |
| Edition statement | 1st ed. |
| 260 ## - PUBLICATION, DISTRIBUTION, ETC. | |
| Place of publication, distribution, etc. | Dibrugarh: |
| Name of publisher, distributor, etc. | Banlata, |
| Date of publication, distribution, etc. | 2017. |
| 300 ## - PHYSICAL DESCRIPTION | |
| Extent | 361p. |
| 653 ## - INDEX TERM--UNCONTROLLED | |
| Uncontrolled term | East Indo-European & Celtic literatures |
| 653 ## - INDEX TERM--UNCONTROLLED | |
| Uncontrolled term | Literary Articles on Assamese novels |
| 700 ## - ADDED ENTRY--PERSONAL NAME | |
| Personal name | Chitrajit Saikia, |
| Relator term | Editor., |
| 942 ## - ADDED ENTRY ELEMENTS (KOHA) | |
| Koha item type | Books |
| Withdrawn status | Lost status | Damaged status | Not for loan | Home library | Current library | Shelving location | Date acquired | Total checkouts | Full call number | Barcode | Date last seen | Copy number | Price effective from | Koha item type |
|---|---|---|---|---|---|---|---|---|---|---|---|---|---|---|
| Naharkatiya College Library | Naharkatiya College Library | General stacks | 09/19/2020 | 891.4513Assamese Culture | GOG | 27759 | 09/19/2020 | 1 | 09/19/2020 | Books | |||||
| Naharkatiya College Library | Naharkatiya College Library | General stacks | 09/19/2020 | 891.4513Assamese Culture | GOG | 27760 | 10/14/2022 | 2 | 09/19/2020 | Books |